000
00318nam a2200109Ia 4500
008
171211s9999 xx 000 0 und d
245
2
_a
A Referential Commentary and Lexicon to Homer, Iliad VIII
245
_c
Adrian Kelly
260
_c
2007
650
_x
History
856
_u
http://down.ebook777.com/063/0199203555.pdf
999
_c
348835
_d
348835